00501 2200193 4500001002100000005001500021035002000036245003800056100001300094250001700107300003200124260003100156082001000187084001600197020002200213650001500235008004100250990001600291INLIS00000000000067020240831075746 a0010-08240001881 aCara Beternak Merpati /cSuparman0 aSuparman aCetakan Ke-1 aiv, 58 hlm :bIlus ;c22 cm aJakarta :bJP Books,c2007 a636.5 a636.5 SUP c a978-979-3487-75-5 4aPeternakan240831 0  a00000003416